000 00365nab a22001097u 4500
008 130520b2010 xxu||||| |||| 00| 0 spa d
041 _aspa
100 1 _aGuerra de Armas, José Luis
_974254
245 0 0 _aEl Domingo, día del Señor y señor de los días
_cJosé Luis Guerra De Armas
773 0 _tAlmogaren
_gnº47,2010,págs. 95-112
_x1695-2669
_wRev13
942 _cAR
999 _c418809
_d418809